000
00306nam a22001337a 4500
008
170825b xxu||||| |||| 00| 0 eng d
020
_a
9780534522186
041
_a
eng
080
_2
3RD
_a
070
100
_a
39
101
_a
MED
245
_a
COMMUNICATION BETWEEN CULTURES
_c
SAMOVAR,L.A
942
_2
udc
_c
BK
999
_c
25088
_d
25088